[Event "Las Palmas op"]
[Site "Las Palmas"]
[Date "1989.??.??"]
[Round "?"]
[White "Hebden, Mark"]
[Black "Fernandes, Antonio"]
[Result "1-0"]
[WhiteElo "2455"]
[BlackElo "2390"]

1.d4 Nf6 2.Nf3 e6 3.c4 b6 4.g3 Ba6 5.b3 d5 6.cxd5 exd5 7.Bg2 Bb4+ 8.Bd2 Bd6
9.Nc3 c6 10.O-O O-O 11.Re1 Re8 12.Rc1 Nbd7 13.Bf4 Bb4 14.Bd2 Bb7 15.Rc2 Qe7
16.Bh3 Rad8 17.Nh4 g6 18.Bg5 Nf8 19.a3 Bxc3 20.Rxc3 Qd6 21.Rf3 Ne4 22.Bxd8 Rxd8
23.Re3 Qxa3 24.Bg2 Nd6 25.Rc3 Qb4 26.Rc1 Ne6 27.e3 c5 28.Nf3 c4 29.Ne5 f6
30.bxc4 fxe5 31.cxd5 Ng5 32.dxe5 Nde4 33.Qd4 Qxd4 34.exd4 Bxd5 35.f4 Nd2
36.fxg5 Nb3 37.Rc8  1-0

[Event "Leningrad"]
[Site "Leningrad"]
[Date "1989.??.??"]
[Round "?"]
[White "Grivas, Efstratios"]
[Black "Aseev, Konstantin N"]
[Result "1/2-1/2"]
[WhiteElo "2440"]
[BlackElo "2485"]

1.d4 Nf6 2.c4 e6 3.Nf3 b6 4.g3 Ba6 5.Nbd2 c5 6.e4 cxd4 7.e5 Ng4 8.h3 Nh6
9.Bg2 Nc6 10.O-O Nf5 11.a3 Be7 12.b4 Bb7 13.g4 Nh4 14.Nxh4 Bxh4 15.Ne4 Be7
16.Bg5 O-O 17.Bxe7 Nxe7 18.Qxd4 Ng6 19.f4 Qc7 20.Rad1 Bxe4 21.Bxe4 Rac8 22.Rc1 f6
23.Qd6 fxe5 24.Qxc7 Rxc7 25.Bxg6 hxg6 26.fxe5 Rfc8  1/2-1/2

[Event "Leningrad-chT"]
[Site "Leningrad"]
[Date "1989.??.??"]
[Round "?"]
[White "Vladimirov, Evgeny"]
[Black "Levin, Felix"]
[Result "1-0"]
[WhiteElo "2565"]
[BlackElo "2305"]

1.d4 Nf6 2.c4 e6 3.Nf3 b6 4.g3 Ba6 5.b3 Bb4+ 6.Bd2 Be7 7.Bg2 c6 8.Bc3 d5
9.Ne5 Nfd7 10.Nxd7 Nxd7 11.Nd2 O-O 12.O-O Rc8 13.e4 c5 14.exd5 exd5 15.dxc5 dxc4
16.Nxc4 Nxc5 17.Qg4 Bf6 18.Rad1 Qe7 19.Rfe1 Ne6 20.Be5 Bxe5 21.Nxe5 Rc7 22.Nxf7 Qxf7
23.Qxe6 Qxe6 24.Rxe6 Rc2 25.Re7 Be2 26.Re1 Bf3 27.Bf1 Bh5 28.Bc4+ Kh8 29.Rxa7 Rcxf2
30.Re5 Bg4 31.Rf7 R2xf7 32.Bxf7 Bd7 33.Re7 Bc6 34.Re6 Rc8 35.Rd6 g5 36.a4 Kg7
37.Be6 Rc7 38.Kf2 Ba8 39.Bc4 Bc6 40.Bd3  1-0

[Event "Lillafured"]
[Site "Lillafured"]
[Date "1989.??.??"]
[Round "?"]
[White "Mikhalchishin, Adrian"]
[Black "Rajkovic, Dusan"]
[Result "1/2-1/2"]
[WhiteElo "2475"]
[BlackElo "2500"]

1.d4 Nf6 2.c4 e6 3.Nf3 b6 4.g3 Ba6 5.Qb3 Nc6 6.Nbd2 Na5 7.Qa4 Bb7 8.Bg2 c5
9.dxc5 bxc5 10.O-O Be7 11.Re1 Bc6 12.Qc2 d6 13.b3 Rb8 14.Bb2 Ba8 15.Rad1 Qc7
16.Ng5 Bxg2 17.Kxg2 h6 18.Nge4 Nxe4 19.Nxe4 O-O 20.Qc3 f6  1/2-1/2

[Event "Lugano op"]
[Site "Lugano"]
[Date "1989.??.??"]
[Round "3"]
[White "Medancic, Rikard"]
[Black "Hess, Ralf"]
[Result "1/2-1/2"]
[WhiteElo "2350"]
[BlackElo "2330"]

1.d4 Nf6 2.Nf3 e6 3.c4 b6 4.g3 Ba6 5.b3 Bb4+ 6.Bd2 Be7 7.Bg2 d5 8.Ne5 Bb7
9.O-O Ne4 10.cxd5 exd5 11.Nc3 Nd7 12.Nxe4 dxe4 13.Qc2 Nxe5 14.dxe5 Qd5 15.Rfd1 c5
16.Bc3 Qc6 17.e6 Qxe6 18.Bxg7 Rg8 19.Bb2 h5 20.Rac1 b5 21.e3 h4 22.Qe2 a6
23.Qh5 Rc8 24.Rc2 Rc7 25.Rcd2 Bc6 26.Be5 Rc8 27.Bd6 c4 28.Bxe7 Qxe7 29.Qh7 Rf8
30.Qf5 Qe6 31.Qg5 Qe7 32.Qg4 f5 33.Qh5+ Rf7 34.Bh3 Qe5 35.Qxh4 Qf6 36.Qxf6 Rxf6
37.bxc4 bxc4 38.Rc1 Bd7 39.Rc3 Rc5 40.Rd4 Rb6 41.Bf1 Rb1 42.Kg2 Be6 43.Rd6 Ke7
44.Rxa6 Rd1 45.Ra4 Rd3 46.Bxd3 exd3 47.Rb4 Ra5 48.Rb2 Kd6 49.f3 Kc5 50.Kf2 Bd5
51.a3 Ra8 52.h4 Rg8 53.Rd2 Kb5 54.Rcxd3 cxd3 55.Rxd3 Kc5 56.Rd4 Rb8 57.g4 fxg4
58.Rxg4 Rb2+ 59.Kg3 Rb3 60.e4 Bc4 61.h5 Be2 62.Rf4 Rxa3 63.h6 Ra7 64.Rf6 Kd4
65.Kf4 Ra3 66.Kg4 Ra7 67.Kf4 Rd7 68.Rf5 Bc4 69.Rf8 Be2 70.e5 Bc4 71.Rf6 Bd5
72.Ra6 Rf7+ 73.Rf6 Re7 74.Rf5 Bc4 75.Kg5 Bd3 76.f4 Bxf5 77.Kxf5 Kd5 78.Kf6 Re6+
79.Kg7 Re7+ 80.Kg6 Re6+ 81.Kg5 Re7  1/2-1/2

[Event "Lugano op"]
[Site "Lugano"]
[Date "1989.??.??"]
[Round "9"]
[White "Hansen, Lars Bo"]
[Black "Sax, Gyula"]
[Result "1-0"]
[WhiteElo "2540"]
[BlackElo "2610"]

1.d4 Nf6 2.Nf3 e6 3.c4 b6 4.g3 Ba6 5.b3 Bb4+ 6.Bd2 Be7 7.Bg2 c6 8.Bc3 d5
9.Ne5 Nfd7 10.Nxd7 Nxd7 11.Nd2 O-O 12.O-O Rc8 13.Re1 c5 14.cxd5 exd5 15.Qb1 cxd4
16.Bxd4 Nc5 17.Qb2 Ne6 18.Nf3 Bb4 19.Rec1 Qe7 20.Rxc8 Rxc8 21.Rd1 Nxd4 22.Nxd4 Bc3
23.Qb1 Bxd4 24.Rxd4 Qa3 25.Rd1 Bxe2 26.Re1 d4 27.Bh3 Re8 28.Bf1 Qa6 29.Rxe2  1-0

[Event "Lugano op"]
[Site "Lugano"]
[Date "1989.??.??"]
[Round "9"]
[White "Ftacnik, Lubomir"]
[Black "Douven, Rudy C"]
[Result "0-1"]
[WhiteElo "2550"]
[BlackElo "2445"]

1.d4 Nf6 2.c4 e6 3.Nf3 b6 4.g3 Ba6 5.Nbd2 Bb4 6.Qc2 Bb7 7.Bg2 Be4 8.Qb3 Nc6
9.O-O Bxd2 10.Bxd2 O-O 11.Rfd1 Qe7 12.Bc3 Na5 13.Qa4 Nb7 14.Rac1 Rfb8 15.b4 a6
16.Qb3 b5 17.Ne5 Bxg2 18.Kxg2 Nd8 19.f3 d6 20.Nd3 d5 21.cxd5 exd5 22.Re1 Nb7
23.e4 dxe4 24.fxe4 Nxe4 25.Nf2 Nbd6 26.Rc2 Kh8 27.Nxe4 Nxe4 28.Qd5 Re8 29.Rce2 Qd6
30.Qxf7 Rf8 31.Qb3 Ng5 32.Re3 Qd7 33.d5 Rf7 34.Be5 Raf8 35.Bf4 Nh3 36.Rf1 Qg4
37.Kh1 Nxf4 38.gxf4 Rxf4 39.Rxf4 Qxf4 40.Re1 Qd4 41.a3 h6 42.Qd1 Qc4 43.Kg1 Rf5
44.Re8+ Kh7 45.Re7 Rxd5 46.Qb1+ Kg8 47.Re8+ Kf7 48.Re4 Rg5+ 49.Kf2 Qd5 50.Qc2 Qf5+
51.Ke3 Qh3+ 52.Kd4 Qd7+ 53.Ke3 Kg8 54.Qa2+ Kh7 55.Qc2 Kh8 56.Rf4 Re5+ 57.Kf2 Re8
58.Rf3 c6 59.Qc5 Kg8 60.Qc2 Qd4+ 61.Kg2 Qd5 62.Kf2 Re4 63.Rg3 Rd4 64.Qc3 Rf4+
65.Ke3 Qe4+  0-1

[Event "Lugano op"]
[Site "Lugano"]
[Date "1989.??.??"]
[Round "9"]
[White "Welin, Thomas"]
[Black "Chernin, Alexander"]
[Result "*"]
[WhiteElo "2395"]
[BlackElo "2580"]

1.d4 Nf6 2.Nf3 e6 3.c4 b6 4.g3 Ba6 5.Nbd2 Bb7 6.Bg2 c5 7.e4 cxd4 8.Nxd4 Bc5
9.Nb5 a6 10.Nc3 Qc7 11.Qe2 Be7 12.O-O d6 13.a4 Nc6 14.b3 O-O 15.Bb2 Nd7 16.Rac1 Nc5
17.Qe3 Rfe8 18.Ba3 Bf6 19.b4 Bd4 20.Qe2 Bxc3 21.Rxc3 Nxa4 22.Rcc1 a5 23.b5 Nd4
24.Qe3 e5  *

[Event "Luzern"]
[Site "Luzern"]
[Date "1989.??.??"]
[Round "?"]
[White "Miralles, Gilles"]
[Black "Summermatter, Daniel"]
[Result "1-0"]
[WhiteElo "2445"]
[BlackElo "2385"]

1.Nf3 Nf6 2.d4 e6 3.c4 b6 4.g3 Ba6 5.Nbd2 Bb7 6.Bg2 c5 7.Nb3 cxd4 8.Nbxd4 a6
9.O-O Be7 10.a4 O-O 11.a5 bxa5 12.Nb3 Nc6 13.c5 Rc8 14.Ne5 d5 15.cxd6 Qxd6
16.Bf4 Qb4 17.Bd2 Qb6 18.Be3 Qb4 19.Nd3 Qb5 20.Bc5 Bxc5 21.Nbxc5 Ba8 22.Qa4 Nd5
23.Rfc1 Rfd8 24.Qc4 Ndb4 25.Qxb5 axb5 26.Nxb4 Nxb4 27.Rxa5 Bxg2 28.Kxg2 Nc6
29.Ra6 Ne5 30.Rb6 Rb8 31.Rxb8 Rxb8 32.Na6 Rd8 33.Rc5 f6 34.f4 Nc4 35.b3 Na3
36.Nc7 Rd2 37.Kf2 Rb2 38.Nxe6 Rxb3 39.Rc7 g6 40.Rg7+ Kh8 41.Rf7  1-0

[Event "Luzern"]
[Site "Luzern"]
[Date "1989.??.??"]
[Round "?"]
[White "Miralles, Gilles"]
[Black "Huss, Andreas"]
[Result "1-0"]
[WhiteElo "2445"]
[BlackElo "2355"]

1.Nf3 Nf6 2.d4 e6 3.c4 b6 4.g3 Ba6 5.Nbd2 Bb4 6.Qc2 Bb7 7.Bg2 Be4 8.Qa4 a5
9.O-O Bxd2 10.Bxd2 O-O 11.Rac1 d6 12.c5 dxc5 13.dxc5 Na6 14.Be3 Qd7 15.Qxd7 Nxd7
16.cxb6 cxb6 17.Rfd1 Ndc5 18.Rd6 Rab8 19.Ne5 Bxg2 20.Kxg2 a4 21.Nc4 Nb4 22.Nxb6 Ne4
23.Rdd1 Rfd8 24.Rxd8+ Rxd8 25.Rc4  1-0

[Event "Mendrisio op"]
[Site "Mendrisio"]
[Date "1989.??.??"]
[Round "3"]
[White "Kostic, Vladimir"]
[Black "Chernin, Alexander"]
[Result "0-1"]
[WhiteElo "2350"]
[BlackElo "2580"]

1.d4 Nf6 2.Nf3 e6 3.c4 b6 4.g3 Ba6 5.Qa4 Bb7 6.Bg2 c5 7.dxc5 Bxc5 8.O-O O-O
9.Nc3 Na6 10.Bf4 Be7 11.Rac1 d6 12.Rfd1 Nc5 13.Qc2 Qb8 14.b3 a6 15.Ne1 Bxg2
16.Nxg2 Rd8 17.b4 Ncd7 18.Ne4 Nxe4 19.Qxe4 Qc7 20.Ne1 Nf6 21.Qf3 Qa7 22.a3 Rac8
23.Be3 Qb8 24.Bd4 b5 25.cxb5 axb5 26.Qd3 d5 27.Nf3 Ne4 28.Ne5 Qb7 29.Qf3 Bf6
30.Qd3 Nd6 31.Nf3 Be7 32.Bc5 Nc4 33.Bxe7 Qxe7 34.Qb3 Ra8 35.Ra1 e5 36.Ne1 Ra7
37.a4 bxa4 38.Rxa4 Rxa4 39.Qxa4 Nb2  0-1

[Event "URS-sf Moscow-ch"]
[Site "Moscow"]
[Date "1989.??.??"]
[Round "?"]
[White "Arbakov, Valentin"]
[Black "Balashov, Yuri S"]
[Result "1-0"]
[WhiteElo "2405"]
[BlackElo "2535"]

1.d4 Nf6 2.c4 e6 3.Nf3 b6 4.g3 Ba6 5.b3 Bb7 6.Bg2 Bb4+ 7.Bd2 c5 8.O-O O-O
9.Bxb4 cxb4 10.a3 Na6 11.axb4 Nxb4 12.Nc3 Qe7 13.Qd2 Rfd8 14.Ne5 Bxg2 15.Kxg2 d6
16.Nf3 d5 17.Rfc1 a5 18.Na4 Qb7 19.c5 bxc5 20.Nxc5 Qb5 21.Ne5 Rdc8 22.Qe3 Nc6
23.Ned3 Nd8 24.Ra4 Ne8 25.Rca1 Nc7 26.Ne5 f6 27.Ned3 Kf7 28.Nf4 Qb6 29.h4 g6
30.Nfd3 Ne8 31.b4 Nd6 32.bxa5 Qa7 33.a6 Qe7 34.Qf4 Kg7 35.Rb1 Ra7 36.Rab4 e5
37.Qg4 h5 38.Qh3 Nf5 39.Rb8 Rxb8 40.Rxb8 Kh7 41.dxe5 fxe5 42.e4 dxe4 43.Nxe4 Rxa6
44.Ndc5 Rc6 45.Qh1 Nf7 46.Rb7 Rc7 47.Nf6+ Kh8 48.Rb8+ Kg7 49.Ne8+ Kh7 50.Nxc7 Qxc5
51.Ne8 Nd4 52.Nf6+ Kg7 53.Ne4 Qd5 54.Qb1 Nd6 55.f3 Qf7 56.Qd3 Qa7 57.Rb2 N6f5
58.Ng5 Nd6 59.Ne6+  1-0

[Event "Moscow-A"]
[Site "Moscow"]
[Date "1989.??.??"]
[Round "?"]
[White "Gruenberg, Hans Ulrich"]
[Black "Vyzmanavin, Alexey"]
[Result "1/2-1/2"]
[WhiteElo "2475"]
[BlackElo "2550"]

1.d4 Nf6 2.c4 e6 3.Nf3 b6 4.g3 Ba6 5.b3 Bb4+ 6.Bd2 Be7 7.Bg2 d5 8.cxd5 exd5
9.Nc3 O-O 10.O-O Nbd7 11.Ne5 Bb7 12.Be3 c6 13.Nd3 a5 14.Rc1 Re8 15.Rc2 Nf8
16.Na4 Ne6 17.Bh3 Bd6 18.Qc1 Ne4 19.f3 Nf6 20.Rd1 h5 21.Nf4 Ng5 22.Bg2 h4
23.gxh4 Ngh7 24.Bf2 Nf8 25.Bg3 Qc7 26.Nc3 Qd8  1/2-1/2

[Event "Moscow2"]
[Site "Moscow"]
[Date "1989.??.??"]
[Round "?"]
[White "Perelshteyn, Mikhail"]
[Black "Ageichenko, Genadi A"]
[Result "1/2-1/2"]
[WhiteElo "2325"]
[BlackElo "2340"]

1.d4 Nf6 2.c4 e6 3.Nf3 b6 4.g3 Ba6 5.Qc2 c5 6.Bg2 Nc6 7.dxc5 Bxc5 8.Qa4 Bb4+
9.Bd2 Bxd2+ 10.Nfxd2 Bb7 11.Nc3 O-O 12.O-O  1/2-1/2

[Event "Munich"]
[Site "Munich"]
[Date "1989.??.??"]
[Round "?"]
[White "Zueger, Beat"]
[Black "Petursson, Margeir"]
[Result "0-1"]
[WhiteElo "2445"]
[BlackElo "2530"]

1.d4 Nf6 2.c4 e6 3.Nf3 b6 4.g3 Ba6 5.b3 Bb7 6.Bg2 Bb4+ 7.Bd2 c5 8.dxc5 bxc5
9.O-O O-O 10.Nc3 d5 11.cxd5 exd5 12.Na4 Bxd2 13.Nxd2 Nbd7 14.Rc1 Rc8 15.Nc4 Nb6
16.Na5 Nxa4 17.Nxb7 Qd7 18.bxa4 Qxb7 19.Qb3 Qd7 20.Rfd1 c4 21.Qb4 Qe6 22.e3 Rc7
23.Rd4 Rd7 24.Rcd1 g6 25.h3 h5 26.Qd2 Rfd8 27.g4 hxg4 28.hxg4 Qc6 29.g5 c3
30.Qc2 Ne4 31.Bxe4 dxe4 32.Rxd7 Rxd7 33.Rxd7 Qxd7 34.Qxc3 Qxa4 35.Qd2 Qb5
36.Qd8+ Kh7 37.a3 Qe5 38.Kg2 a5 39.Kh3 Qa1 40.Qd6 Qf1+ 41.Kg4 Qe2+ 42.Kf4 Qxf2+
43.Kxe4 Qf5+ 44.Kd4 Qxg5 45.Kd3 Qf5+ 46.Ke2 g5 47.Ke1 g4 48.Qh2+ Kg7 49.Qg3 Kg6
50.Qd6+ f6 51.Qb8 Qf3 52.Qg8+ Kh5 53.Qh7+ Kg5 54.Qg7+ Kh4 55.Qh7+ Kg3 56.Qh6 Kg2
57.Kd2 g3 58.Qh7 Kf2  0-1

[Event "Naleczow op"]
[Site "Naleczow"]
[Date "1989.??.??"]
[Round "?"]
[White "Jamroz, Zbigniew"]
[Black "Kasperek, Ryszard"]
[Result "1-0"]
[WhiteElo "2240"]
[BlackElo "2290"]

1.d4 Nf6 2.Nf3 e6 3.c4 b6 4.g3 Ba6 5.b3 d5 6.Bg2 dxc4 7.Ne5 Bb4+ 8.Kf1 Nfd7
9.Nxc4 c6 10.a3 Be7 11.Nc3 b5 12.Nd2 O-O 13.b4 e5 14.d5 Bb7 15.Nb3 Nf6 16.Na5 Qc8
17.Qb3 Rd8 18.Nxb7 Qxb7 19.dxc6 Nxc6 20.Be3 Rac8 21.Nd5 e4 22.Nxe7+ Qxe7
23.Bh3 Rc7 24.Rd1 h5 25.Kg2 Ng4 26.Bc5 Qf6 27.Bxg4 hxg4 28.Rxd8+ Qxd8 29.Qe3 Qe8
30.h3 gxh3+ 31.Rxh3 Rd7 32.Rh1 f5 33.Rh4  1-0

[Event "New York op"]
[Site "New York"]
[Date "1989.??.??"]
[Round "6"]
[White "Weldon, Charles"]
[Black "Gomez Esteban, Juan Mario"]
[Result "1/2-1/2"]
[WhiteElo "2240"]
[BlackElo "2460"]

1.d4 Nf6 2.Nf3 e6 3.c4 b6 4.g3 Ba6 5.Qa4 Bb7 6.Bg2 c5 7.O-O Be7 8.Rd1 cxd4
9.Nxd4 Bxg2 10.Kxg2 O-O 11.f3 a6 12.Nb5 Nc6 13.Nd6 Qc7 14.Ne4 Nxe4 15.fxe4 Ne5
16.Bf4 Qxc4 17.Qxc4 Nxc4 18.Rxd7 Bf6 19.Nd2 Nxb2 20.e5 Rfd8 21.Rxd8+ Bxd8
22.Rc1 b5 23.Rc6 g5 24.Be3 Kg7 25.Bd4 Na4 26.g4 Kg6 27.h3 a5 28.Ne4 b4 29.Nd6 h6
30.Kf3 Be7 31.Nb7 Kg7 32.Ke4 Kf8 33.Kd3 Ke8 34.Rc7 Ra6 35.Kc4 Nc3 36.Bxc3 bxc3
37.Kxc3 Rb6 38.a4 Rb1 39.Nd6+ Bxd6 40.exd6 Rd1 41.Re7+ Kf8 42.Ra7 Rxd6 43.Rxa5 Rd1
44.Ra8+ Kg7 45.a5 Rh1 46.a6 Rxh3+ 47.Kb2 Re3 48.a7 Rxe2+ 49.Kb3 Re3+ 50.Kb4 Re4+
51.Kb5 Re5+ 52.Kb6 Re1 53.Rc8 Ra1 54.a8=Q Rxa8 55.Rxa8 h5 56.gxh5 Kh6 57.Kc5 Kxh5
58.Kd6 Kg4 59.Ke5 Kf3 60.Ra3+ Kf2 61.Ra2+ Kf3 62.Ra3+ Kf2 63.Ra4 f5 64.Kxe6 g4
65.Kxf5 g3 66.Kf4 g2 67.Ra2+ Kf1 68.Kf3 g1=N+ 69.Ke3 Nh3 70.Rh2 Ng1 71.Rf2+ Ke1
72.Rf8 Ne2 73.Kd3 Ng3 74.Rf3 Nf1 75.Rf8  1/2-1/2

[Event "Novi Sad op"]
[Site "Novi Sad"]
[Date "1989.??.??"]
[Round "3"]
[White "Hasecic, Sabahudin"]
[Black "Levin, Felix"]
[Result "1/2-1/2"]
[WhiteElo "2310"]
[BlackElo "2305"]

1.d4 Nf6 2.Nf3 e6 3.c4 b6 4.g3 Ba6 5.b3 Bb4+ 6.Bd2 Be7 7.Bg2 c6 8.O-O d5
9.Ne5 Nfd7 10.Nxd7 Nxd7 11.Bc3 Rc8 12.Nd2 O-O 13.e4 c5 14.exd5 exd5 15.dxc5 dxc4
16.c6 cxb3 17.Nc4 Bb5 18.axb3 Bxc6 19.Bxc6 Rxc6 20.Rxa7 Nc5 21.Qf3 Re6 22.Ne3 Bf6
23.Bxf6 Rxf6 24.Qd5 Qb8 25.Rfa1 Rd6 26.Ra8 Rxd5 27.Rxb8 Rxb8 28.Nxd5 b5 29.b4 Na4
30.Rc1 g6 31.Rc7 Rd8 32.Nf6+ Kg7 33.Nd7 Re8 34.Rb7  1/2-1/2

[Event "EUCup Novosibirsk"]
[Site "Novosibirsk"]
[Date "1989.??.??"]
[Round "?"]
[White "Ruban, Vadim"]
[Black "Dautov, Rustem"]
[Result "0-1"]
[WhiteElo "2420"]
[BlackElo "2535"]

1.d4 Nf6 2.c4 e6 3.Nf3 b6 4.g3 Ba6 5.b3 Bb4+ 6.Bd2 Be7 7.Nc3 d5 8.cxd5 exd5
9.Bg2 O-O 10.O-O Bb7 11.Qc2 Na6 12.Rfd1 Qc8 13.Bf4 Rd8 14.Be5 Ne4 15.Qb2 g5
16.Nxe4 dxe4 17.Nd2 f6 18.d5 fxe5 19.Qxe5 Re8 20.Nxe4 Nc5 21.Nxc5 bxc5 22.Rac1 Qd8
23.Bh3 Bc8 24.Bxc8 Rxc8 25.Qf5 Bd6 26.Qg4 Kh8 27.Rc3 Qf6 28.Re3 Rcd8 29.Rxe8+ Rxe8
30.e3 Rf8 31.Rf1 Qf5 32.Qc4 g4 33.Qc3+ Kg8 34.Qc4 h5 35.e4 Qf3 36.e5 Bxe5
37.d6+ Qf7 38.Qxc5 cxd6 39.Qe3 Qf6 40.Rd1 a6 41.b4 Kg7 42.a4 Kg6 43.h4 Kh7
44.b5 axb5 45.axb5 Qf3 46.Qd2 Bxg3 47.fxg3 Qxg3+ 48.Qg2 Qe3+ 49.Kh1 Rf3 50.Qc2+ Kg7
51.Qc7+ Rf7 52.Qxd6 Qh3+ 53.Kg1 Qe3+ 54.Kh1 Qf3+ 55.Kg1 Qf2+ 56.Kh1 Qxh4+
57.Kg1 Qf2+ 58.Kh1 Qf3+ 59.Kg1 Qe3+ 60.Kh1 Qe4+ 61.Kg1 Qe3+ 62.Kh1 Rf6 63.Qd7+ Kh6
64.Qd8 Qh3+ 65.Kg1 Qe3+ 66.Kh1 Qh3+ 67.Kg1 Qg3+ 68.Kh1 Qf3+ 69.Kg1 Qf2+ 70.Kh1 Qh4+
71.Kg1 Qf2+ 72.Kh1 Kg5 73.Qd5+ Rf5 74.Qd8+ Rf6 75.Qd5+ Kh4 76.Qg2 Qf4 77.Rb1 Qd4
78.Rf1 Re6 79.Qh2+ Kg5 80.Qc2 Qd5+ 81.Qg2 Qxb5 82.Qd2+ Kg6 83.Qc2+ Kh6 84.Qd2+ Qg5
85.Qc3 Qd5+ 86.Kg1 Qe5 87.Qc8 Qd4+ 88.Kh1 Qd5+ 89.Kg1 Kg5 90.Qc3 Qe5 91.Qc8 Qd4+
92.Kh1 Qd5+ 93.Kg1 Re2 94.Qc1+ Kh4 95.Rf2 Qd4  0-1

[Event "Ostend op"]
[Site "Ostend"]
[Date "1989.??.??"]
[Round "4"]
[White "Arkell, Keith C"]
[Black "Steinbacher, Matthias"]
[Result "0-1"]
[WhiteElo "2450"]
[BlackElo "2325"]

1.d4 e6 2.c4 Nf6 3.Nf3 b6 4.g3 Ba6 5.b3 Bb7 6.Bg2 Bb4+ 7.Bd2 a5 8.O-O O-O
9.Bf4 a4 10.Nbd2 d6 11.Qc2 Nbd7 12.Bg5 h6 13.Bxf6 Qxf6 14.Ne4 Qe7 15.Nc3 axb3
16.axb3 Nf6 17.Na2 Be4 18.Qc1 Ba3 19.Qc3 c5 20.Rfd1 d5 21.dxc5 Qxc5 22.cxd5 Nxd5
23.Qe5 Bc2 24.Rd2 Rac8 25.Rf1 Bxb3 26.Nd4 Bxa2 27.Rxa2 Nc3 28.Qxc5 Bxc5 29.Nxe6 Nxa2
30.Nxf8 Kxf8 31.Ra1 Nc3  0-1

[Event "Pancevo"]
[Site "Pancevo"]
[Date "1989.??.??"]
[Round "5"]
[White "Orlov, Konstantin"]
[Black "Karpman, Vadim"]
[Result "0-1"]
[WhiteElo "2270"]
[BlackElo "2480"]

1.d4 Nf6 2.c4 e6 3.Nf3 b6 4.g3 Ba6 5.Qa4 Bb7 6.Bg2 c5 7.O-O cxd4 8.Nxd4 Bxg2
9.Kxg2 Qc7 10.Rd1 a6 11.f3 Be7 12.Nc3 Qb7 13.e4 O-O 14.Be3 d6 15.Qc2 Nbd7
16.b3 Rfe8 17.Qf2 Rac8 18.Rac1 Bf8 19.g4 Ne5 20.a4 h6 21.h4 h5 22.gxh5 d5
23.h6 dxe4 24.hxg7 exf3+ 25.Nxf3 Ba3 26.Qg3 Nfg4 27.Bd4 Bxc1 28.Rxc1 f6 29.Re1 Rc7
30.Ne4 Rxg7 31.Kh3 Nd3 32.Qxg4 Rxg4 33.Nxf6+ Kf8 34.Kxg4 Nxe1 35.Nxe1 Rd8
36.Nf3 Rxd4+ 37.Nxd4  0-1

[Event "Paris-ch"]
[Site "Paris"]
[Date "1989.??.??"]
[Round "1"]
[White "Miralles, Gilles"]
[Black "Razuvaev, Yuri S"]
[Result "0-1"]
[WhiteElo "2400"]
[BlackElo "2550"]

1.Nf3 Nf6 2.c4 e6 3.d4 b6 4.g3 Ba6 5.Nbd2 Bb7 6.Bg2 c5 7.O-O cxd4 8.Nxd4 Bxg2
9.Kxg2 Be7 10.N2f3 O-O 11.Bf4 a6 12.Qa4 Qc8 13.Rfd1 Qb7 14.Kg1 d6 15.Bg5 h6
16.Bxf6 Bxf6 17.Rac1 Rc8 18.Qa3 Be7 19.Qe3 Bf8 20.a4 Rc7 21.b4 Qc8 22.Nb3 Nd7
23.Nfd4 Nf6 24.Qf3 Raa7 25.a5 Nd7 26.b5 bxa5 27.Nc6 Ra8 28.Ra1 axb5 29.cxb5 a4
30.Nba5 Ne5 31.Nxe5 Rxa5 32.b6 Rb7 33.Rac1 Qa8 34.Nc6 Rf5 35.Qe3 Rb5 36.Rb1 Qa6  0-1

[Event "Paris AECE"]
[Site "Paris"]
[Date "1989.??.??"]
[Round "3"]
[White "Spiridonov, Nikola"]
[Black "Plachetka, Jan"]
[Result "1/2-1/2"]
[WhiteElo "2390"]
[BlackElo "2450"]

1.d4 Nf6 2.Nf3 e6 3.c4 b6 4.g3 Ba6 5.b3 Bb4+ 6.Bd2 Be7 7.Bg2 c6 8.Bc3 O-O
9.Nbd2 d5 10.O-O Nbd7 11.Re1 Rc8 12.e4  1/2-1/2

[Event "Podolsk GMA-qual"]
[Site "Podolsk"]
[Date "1989.??.??"]
[Round "?"]
[White "Tunik, Gennady"]
[Black "Shneider, Aleksandr"]
[Result "1-0"]
[WhiteElo "2470"]
[BlackElo "2495"]

1.d4 Nf6 2.c4 e6 3.Nf3 b6 4.g3 Ba6 5.Qa4 Bb7 6.Bg2 c5 7.O-O cxd4 8.Nxd4 Bxg2
9.Kxg2 Qc8 10.Rd1 Be7 11.Nc3 O-O 12.Bg5 h6 13.Bxf6 Bxf6 14.Rac1 Be7 15.e4 Nc6
16.Nxc6 dxc6 17.Rd3 Qc7 18.Rcd1 Rfd8 19.Ne2 Rxd3 20.Rxd3 Rd8 21.Qd1 Rxd3
22.Qxd3 Qe5 23.Qd4 Bf6 24.Qxe5 Bxe5 25.b3 Kf8 26.Nc1 Ke7 27.Nd3 Bd4 28.f4 f5
29.Kf3 Bc3 30.Ke3 Kd6 31.Nc1 Bb2 32.Nd3 Bc3 33.h3 h5 34.Kf3 Bd4 35.g4 hxg4+
36.hxg4 g6 37.e5+ Ke7 38.Kg3 Kf7 39.Nb4 c5  1-0

[Event "CSR-ch int"]
[Site "Prague"]
[Date "1989.??.??"]
[Round "6"]
[White "Ftacnik, Lubomir"]
[Black "Chernin, Alexander"]
[Result "1/2-1/2"]
[WhiteElo "2550"]
[BlackElo "2580"]

1.d4 Nf6 2.c4 e6 3.Nf3 b6 4.g3 Ba6 5.Nbd2 Bb7 6.Bg2 c5 7.e4 cxd4 8.Nxd4 Bc5
9.N4b3 Be7 10.O-O Qc7 11.Re1 d6 12.Nd4 O-O 13.b3 a6 14.Bb2 Nbd7 15.Qe2 Rfe8
16.Rac1 Bf8 17.Kh1 Rac8 18.Nc2  1/2-1/2

[Event "Ptuj"]
[Site "Ptuj"]
[Date "1989.??.??"]
[Round "11"]
[White "Polajzer, Danilo"]
[Black "Rajkovic, Dusan"]
[Result "1/2-1/2"]
[WhiteElo "2345"]
[BlackElo "2500"]

1.d4 Nf6 2.Nf3 b6 3.g3 e6 4.c4 Ba6 5.b3 Bb4+ 6.Bd2 Bxd2+ 7.Qxd2 d5 8.cxd5 exd5
9.Bg2 O-O 10.O-O Re8 11.Re1 c5  1/2-1/2

[Event "Reykjavik"]
[Site "Reykjavik"]
[Date "1989.??.??"]
[Round "?"]
[White "Olafsson, Helgi"]
[Black "Petursson, Margeir"]
[Result "1/2-1/2"]
[WhiteElo "2520"]
[BlackElo "2530"]

1.d4 Nf6 2.c4 e6 3.Nf3 b6 4.g3 Ba6 5.b3 Bb7 6.Bg2 Bb4+ 7.Bd2 c5 8.O-O O-O
9.Nc3 cxd4 10.Nxd4 Bxg2 11.Kxg2 d5  1/2-1/2

[Event "Reykjavik"]
[Site "Reykjavik"]
[Date "1989.??.??"]
[Round "?"]
[White "Eingorn, Vereslav S"]
[Black "Balashov, Yuri S"]
[Result "1/2-1/2"]
[WhiteElo "2570"]
[BlackElo "2530"]

1.d4 Nf6 2.c4 e6 3.Nf3 b6 4.g3 Ba6 5.b3 Bb7 6.Bg2 Bb4+ 7.Bd2 a5 8.O-O O-O
9.Qc2 c5 10.dxc5 Bxc5 11.Nc3 Na6 12.Rad1 d5 13.cxd5 Nb4 14.Qb2 Nbxd5 15.Ne5  1/2-1/2

[Event "Salamanca"]
[Site "Salamanca"]
[Date "1989.??.??"]
[Round "?"]
[White "Gomez Esteban, Juan Mario"]
[Black "Rivas Pastor, Manuel"]
[Result "0-1"]
[WhiteElo "2460"]
[BlackElo "2505"]

1.d4 e6 2.Nf3 Nf6 3.c4 b6 4.g3 Ba6 5.b3 b5 6.Nbd2 Bb4 7.Qc2 bxc4 8.bxc4 Bb7
9.Bg2 Be4 10.Qb3 Nc6 11.O-O Bxd2 12.Bxd2 Rb8 13.Qc3 O-O 14.Bg5 d6 15.Qe3 Bg6
16.Nh4 Qd7 17.Nxg6 hxg6 18.d5 exd5 19.cxd5 Nb4 20.Bxf6 gxf6 21.Rac1 a5 22.Qh6 Nxa2
23.Rc2 Qa4 24.Rxc7 Rfc8 25.Ra7 Nc3 26.h4 Qd4 27.Rxa5 Nxe2+ 28.Kh2 f5 29.Ra6 Qf6
30.h5 Rc7 31.Re1 Nc3 32.Rc6 Rxc6 33.dxc6 d5 34.hxg6 fxg6 35.Rc1 Ne4 36.c7 Rc8
37.Bxe4 fxe4 38.Kg1 d4 39.Rc5 d3 40.Rg5 Kf7 41.Qh7+ Qg7 42.Qh4 Rxc7  0-1

[Event "Slupsk"]
[Site "Slupsk"]
[Date "1989.??.??"]
[Round "1"]
[White "Czerwonski, Aleksander"]
[Black "Duda, Andrzej"]
[Result "1-0"]
[WhiteElo "2335"]
[BlackElo "2295"]

1.d4 Nf6 2.c4 e6 3.Nf3 b6 4.g3 Ba6 5.Nbd2 Be7 6.e4 d5 7.cxd5 Bxf1 8.Kxf1 exd5
9.e5 Ne4 10.Qa4+ c6 11.Kg2 O-O 12.Re1 f5 13.exf6 Nxf6 14.Ne5 Bd6 15.f4 Qc8
16.Ndf3 Ne4 17.Be3 Rf6 18.Rac1 Qe8 19.b4 a5 20.b5  1-0

[Event "Sochi-B"]
[Site "Sochi"]
[Date "1989.??.??"]
[Round "?"]
[White "Tunik, Gennady"]
[Black "Podlesnik, Bogdan"]
[Result "1-0"]
[WhiteElo "2470"]
[BlackElo "2400"]

1.d4 Nf6 2.c4 e6 3.Nf3 b6 4.g3 Ba6 5.Qa4 c5 6.Bg2 Bb7 7.O-O Be7 8.Rd1 O-O
9.Nc3 a6 10.dxc5 bxc5 11.Qb3 Qc7 12.Bf4 d6 13.Rd2 Nc6 14.Qd1 Rfd8 15.h3 h6
16.g4 Na5 17.b3 Rd7 18.Qc2 Nc6 19.Bg3 Rad8 20.Rad1 Qb8 21.Qb1 Qa8 22.e4 e5
23.Nd5 Qa7 24.Ne1 Nd4 25.Nc2 Nxd5 26.exd5 Bg5 27.Nxd4 cxd4 28.Re2 Re8 29.h4 Bf6
30.Qc1 g5 31.hxg5 hxg5 32.Be4 Kg7 33.Kg2 Rdd8 34.Ree1 Rh8 35.Rh1 Qc5 36.f3 Bc8
37.Rxh8 Rxh8 38.Be1 Bd7 39.Bd2 Qc8 40.Kg3 Qd8 41.Rh1 Rxh1 42.Qxh1 Qh8 43.Qxh8+ Kxh8
44.Ba5 Kg7 45.Bc7 Be7 46.b4 Kf8 47.Bd3 Ke8 48.b5 Bc8 49.a4 Kd7 50.b6 Bb7
51.a5 Kc8 52.Bc2 Kd7 53.Kf2  1-0

[Event "Spijkenisse"]
[Site "Spijkenisse"]
[Date "1989.??.??"]
[Round "2"]
[White "Piket, Jeroen"]
[Black "Alexandria, Nana"]
[Result "1-0"]
[WhiteElo "2500"]
[BlackElo "2375"]

1.d4 Nf6 2.Nf3 e6 3.c4 b6 4.g3 Ba6 5.Nbd2 Bb7 6.Bg2 c5 7.e4 cxd4 8.e5 Ne4
9.O-O Nxd2 10.Bxd2 Bxf3 11.Qxf3 Nc6 12.Qxc6 dxc6 13.Bxc6+ Qd7 14.Bxd7+ Kxd7
15.Rfe1 f5 16.Kf1 Be7 17.Ke2 a6 18.Kd3 b5 19.Rec1 Rhc8 20.cxb5 axb5 21.Rxc8 Rxc8
22.a4 Ra8 23.a5 g5 24.Kxd4 Kc6 25.Kc3 Kd5 26.Kb3 Bc5 27.Be3 Bxe3 28.fxe3 Kxe5
29.Kb4 Ke4 30.a6 Kxe3 31.Re1+ Kf3 32.Rxe6 h5 33.Kxb5 Kg2 34.Re2+  1-0

[Event "JUG-ch (Women)"]
[Site "Split"]
[Date "1989.??.??"]
[Round "10"]
[White "Petek Medic, Mirjana"]
[Black "Vuksanovic, Sanja"]
[Result "0-1"]
[WhiteElo "2230"]
[BlackElo "2040"]

1.d4 Nf6 2.c4 e6 3.Nf3 b6 4.g3 Ba6 5.Qa4 Bb7 6.Bg2 c5 7.dxc5 bxc5 8.O-O Be7
9.Nc3 O-O 10.Rd1 Qb6 11.Qc2 Qa6 12.b3 d5 13.cxd5 exd5 14.e3 Nbd7 15.Bb2 Rfd8
16.Nh4 Qe6 17.Nf3 h6 18.Rac1 Rac8 19.Qb1 Nf8 20.Na4 N8d7 21.Qa1 Bf8 22.Nc3 Ba8
23.Ne2 Nh5 24.Rd2 Ndf6 25.Rdc2 Ne4 26.Ne5 Ng5 27.Nd3 Nh3+ 28.Kf1 Qf5 29.Ndf4 N5xf4
30.gxf4 d4 31.Ng3 Qg4 32.Bxa8 Rxa8 33.Kg2 dxe3 34.fxe3 Rd3 35.Re2 h5 36.f5 Ng5
37.Rf1 h4 38.Rf4 Qh3+ 39.Kg1 hxg3 40.Rg2 gxh2+ 41.Kh1 Rad8 42.Rf1  0-1